00727nam a2200217Ia 4500003000400000005001700004008004100021040000700062041000800069082002500077100002800102245006500130260003400195365000800229650002400237650002200261906007100283942001200354999001900366952012400385OSt20230627094653.0210423s9999 xx 000 0 und d cAL aeng a307.1772 223bAUGS aAUGUSTINE (P A)9113258 aSuppression of valia tribals: case of human rights violation bIndian Social Institutec2021 cINR aCommunities9113259 aSociology9113260 acase ; human ; rights ; Suppression ; tribals: ; valia ; violation 2ddccBK c173055d173055 001040708MSWaSACPGbSACPGd2021-04-26l1o307.1772 AUGSpPG019632r2025-06-23 16:13:04s2025-06-18w2021-04-26yBK